Jangan cuba-cuba merokok!

Bibliographic Details
Main Author: Ahmad Zaid Ismail
Format: Book
Published: Kelantan : Pustaka sukses , 2016
Series:Siri pengajaran positif
Subjects:

MARC

LEADER 00000cam a2200000 7i4500
001 0000069404
005 20220105103903.0
008 170118
020 |a 9789675450945(SET) 
020 |a 9789675450990 
090 0 0 |a JP   |b MOR MAL 
100 0 |a Ahmad Zaid Ismail 
245 1 0 |a Jangan cuba-cuba merokok!   |c Ahmad Zaid Ismail 
260 |a Kelantan :   |b Pustaka sukses ,   |c 2016 
300 |a 24pg. :   |b 26 cm 
490 0 |a Siri pengajaran positif 
500 |a Children age 4-6 years old (yellow) 
650 0 |a Children stories   |x Malay 
650 0 |a Moral 
999 |a 0001427775   |b Book   |c Children Collection   |e Cawangan Tangkak 
999 |a 0001427776   |b Book   |c Children Collection   |e Cawangan Bandar Penawar 
999 |a 0001427777   |b Book   |c Children Collection   |e Cawangan Mersing 
999 |a 0001427778   |b Book   |c Children Collection   |e Cawangan Tmn. Ungku Tun Aminah 
999 |a 0001427779   |b Book   |c Adult Collection   |e Cawangan Kota Tinggi 
999 |a 0001427780   |b Book   |c Children Collection   |e Cawangan Bandar Tenggara 
999 |a 0001427781   |b Book   |c Children Collection   |e Cawangan Segamat 
999 |a 0001427782   |b Book   |c Children Collection   |e Cawangan Pontian 
999 |a 0001427783   |b Book   |c Children Collection   |e Cawangan Bukit Gambir 
999 |a 0001427784   |b Book   |c Children Collection   |e Cawangan Taman Sri Lambak 
999 |a 0001427785   |b Book   |c Children Collection   |e Cawangan Taman Universiti 
999 |a 0001427786   |b Book   |c Children Collection   |e Cawangan Sri Merlong 
999 |a 0001428500   |b Book   |c Children Collection   |e Cawangan Urban Transformation Centre 
999 |a 0001428501   |b Book   |c Children Collection   |e Perbadanan Perpustakaan Awam Johor 
999 |a 000147774   |b Book   |c Children Collection   |e Cawangan Batu Pahat